| 000 | 00835nam a22002417a 4500 | ||
|---|---|---|---|
| 003 | OSt | ||
| 005 | 20260116025432.0 | ||
| 008 | 260116b |||||||| |||| 00| 0 eng d | ||
| 020 | _a0-07-231502-4 | ||
| 040 |
_aDWC-Main lib _cOC |
||
| 082 | _aCirc. 973 N277 2001 | ||
| 100 | _aLytle, M. | ||
| 245 |
_aNation of nations : _b a narrative history of the American republic |
||
| 260 |
_aNew York : _bThe McGraw-Hill co., Inc., _cc2001 |
||
| 300 |
_axxxii, 1127 pages : _bcolored illustration ; _c26 cm. |
||
| 504 | _aIncludes bibliographical references and index | ||
| 650 | _2United states-History | ||
| 700 | _aGienapp, William E. | ||
| 700 | _aHeyrman, Christine L. | ||
| 700 | _aDavidson, James W. | ||
| 700 | _aStoff, Michael B. | ||
| 942 |
_2ddc _cBK-CIRC _n0 _hCirc. 973 N277 2001 _kCirc. |
||
| 999 |
_c7475 _d7475 |
||